000 00298nam a22001217a 4500
003 SGT
082 _a614
_bF14V
100 _aVIJ, KRISHAN
245 _aTB.OF FORENSIC MEDICINE AND TOXICOLOGY PRINCIPLES AND PRACTICE
260 _aINDIA
_bELSEVIER PUB
_c2014
300 _a538
942 _2ddc
_cBK
_01
999 _c15096
_d15096